Statistics for BTS Song Lyric Quiz 2018

Click here to take the quiz!

General Stats

  • This quiz has been taken 3,720 times
    (3,628 since last reset)
  • The average score is 45 of 99

Answer Stats

Lyrics Answer % Correct
To the sky!N.O.
97%
I wanna, big house, big car and big ringsNo More Dream
93%
MIC MIC BUNGEEMIC Drop
90%
You’re in DangerDanger
85%
Love you so bad, Love you so badFAKE LOVE
84%
TODAY WE FIGHTNot Today
83%
Click Click, Bang Bang!We Are Bulletproof
82%
Hey, turn it up!Fire
81%
I need your love before I fall, fall..Save Me
80%
When you say that you love me..Best of Me
79%
I got a feel, I got a feelDOPE
79%
Dollar dollar~ (Yolo yolo yolo yo)Go Go
78%
Peaches and cream, sweeter than sweetBlood Sweat and Tears
78%
You make me BeginBegin
76%
Don’t tell me bye byeRun
76%
Say what you want, Say what you want!Boy In Luv
75%
Forever, we are young!Young Forever
75%
You know it all, you’re my best friendSpring Day
75%
I want it this love, I want it real loveDNA
75%
Fall everything, fall everythingI Need U
73%
Yes I’m a bad boy, so I like bad girlWar of Hormone
72%
Caramel MacchiatoCoffee
72%
Smooth like-a, like-a snakeLie
70%
Lost in the maze, in the darknessLove Maze
70%
Is it true? Is it true?Butterfly
69%
They call me, Baepsae!Silver Spoon
68%
So show me (I’ll show you)Magic Shop
67%
I’m sorry, I’m sorry my sisterStigma
67%
Maybe I I can never fly~Awake
66%
Love me now, touch me now~Serendipity
66%
I love, I love, I love myself!Cypher 4
64%
It’s too evil..Boy Meets Evil
64%
I’m a new generation-Anpanman
63%
But no problem, I killCypher 3
62%
Don’t smile on me, light on meThe Truth Untold
57%
Take me to the SkyWings
57%
Close the door now..Euphoria
56%
Yeah, yeah, yeah; drop.Cypher 2
56%
Hard to say goodbyeLet Go
56%
Do it, do it, do itJust One Day
54%
Found my way, way, wayLost
54%
Piano (classic piano)First Love
51%
And I’ll be riding and dying in my cityMa City
51%
Rap Monster, Runch RandaCypher 1
50%
Sky fly sky dopeAirplane Pt.2
50%
Can’t close your eyes~Pied Piper
50%
You walking on my way way wayMAMA
49%
We are, we are, we are- young and wild and free~So What
49%
Tell me (nae moksoriga gajjaramyeon)Singularity
47%
But I want it anyway, anyway, anywaysDimple
47%
We got different nights and morningsReflection
46%
I see ocean, I see desert, I see the worldSea
43%
No ending (kimi wa boku no kodou)Don’t Leave Me
40%
Can you trust me?Hold Me Tight
40%
You worth it, you perfect21st Century Girls
39%
No Way, no way, no wayHouse of Cards
38%
You need to, you need toParadise
37%
Ctrl+C, Ctrl+VTomorrow
37%
Darlin’ In love with youAm I Wrong
37%
(no lyrics BUT it’s the day Pluto was declared as a dwarf planet)134340
37%
I just wanna know !Let Me Know
36%
(hiri hiri mau) showerFor You
35%
I really really like youConverse High
35%
Someday, someday~Crystal Snow
34%
I was supposed to tell you this..2! 3!
34%
We wus’ lookin’ for loveHer
33%
Never, never fallAutumn Leaves
30%
What more can I say, you’re my-Outro: Tear
30%
Yo, yo girl, I wanna tell you thisMiss Right
30%
Wanna be loved, don’t wanna be fooledLike
29%
Yes I dunno, yes I’m locoSpine breaker
28%
It’s B-T-SBoyz with Fun
28%
Do you wanna know my story?Whalien 52
28%
I wanna rewind!Jump
26%
Hey, swag swagWe On
24%
Angry? Hungry? Yes I’m hangry.Come Back Home
23%
Baby fly, fly, fly, fly it like thatYou Never Walk Alone
22%
Cause we got fire, fire, fireRise of Bangtan
21%
I don’t know you, you didn’t know meLove is not over
20%
(Still everyday) Bang it Bang it!Second Grade
18%
I’m good, whoa whoa~Born Singer
17%
What’s poppin’ girl?Look Here
16%
West side, west side, west sideIf I Ruled The World
16%
I think about you all night girl24/7=Heaven
16%
Ayo, SUGAMoving On
16%
We’ll be; okayGood Day
14%
I’ll be down for your rap, I’ll be down for your rhythmHip Hop Phile
12%
Only you, only you~Embarrassed
9%
Yo, once again, Bighit representPaldogangsan
8%
I just wanna love youLuv in Skool
7%
I can’t wait~ (tsukami tai kara~)Wishing on A Star
6%
It’s your man K to the M babyThe Stars
6%
Let go..Crack
6%
‘Cause you are the one!Perfect Man
6%
(Chalkak Chalkak) Click Click!Could You Turn Off Your Cell Phone?
5%
Best of me, yeahRingwanderung
4%
ehh~ We got beauty beauty!You’re so Beautiful
4%
Yeah I’m fallin’ in loveWhere Did You Come From
4%
Wrong, Wrong, Maybe, MaybeSchool of Tears
3%

Score Distribution

Percentile by Number Answered

Percent of People with Each Score

Your Score History

You have not taken this quiz since the last reset